LEADER 04340 am 2200817 n 450 001 9910136926903321 005 20150612 010 $a2-916125-32-9 024 7 $a10.4000/books.alpara.1751 035 $a(CKB)3710000000718670 035 $a(FrMaCLE)OB-alpara-1751 035 $a(oapen)https://directory.doabooks.org/handle/20.500.12854/45670 035 $a(PPN)198370296 035 $a(EXLCZ)993710000000718670 100 $a20160602j|||||||| ||| 0 101 0 $afre 135 $auu||||||m|||| 181 $ctxt$2rdacontent 182 $cc$2rdamedia 183 $acr$2rdacarrier 200 12$aL'échafaudage dans le chantier médiéval /$fAnne Baud, Philippe Bernardi, Andréas Hartmann-Virnich, Éric Husson, Christian Le Barrier, Isabelle Parron-Kontis, Nicolas Reveyron, Joëlle Tardieu 210 $aLyon $cAlpara$d2015 215 $a1 online resource (144 p.) 311 $a2-906190-17-9 330 $aPour un professionnel qui taille la pierre depuis près de quarante ans, comment ne pas être reconnaissant à ceux qui, professeurs ou archéologues, recherchent avec tant de conviction la mémoire des techniques de la construction médiévale, ces techniques presque oubliées depuis l?abandon total de la construction en pierre. Nous avons de la peine à imaginer ces époques, car nous n?avons plus sous les yeux ni les chantiers, ni l?habileté des hommes de métier. De cette industrie de la pierre, la plus longue de l?histoire humaine, la plus universelle, il ne reste presque rien, sinon la restauration des monuments historiques. C?est au tout début du siècle, avec l?invention du ciment, que disparaît presque totalement la France des carrières de pierre qui n?étaient jamais très loin du chantier. Il n?y a pas de manière de bâtir sans le bois. Le bois est par excellence le véhicule de la pierre. Il l?accompagne jusqu?au moment où il la protège par les toits de si belles charpentes. L?utilisation du bois commence à la carrière où l?on utilise les coins éclateurs, propices au gonflement humide, les manches d?outils, les rouleaux et planches à glisser, les grues de levage. Sur le chantier, il y a le bois des cintres, des échelles sur lesquelles souvent l?on marche et bien sûr celui de l?échafaudage. On ne construit rien en hauteur sans échafaudage. Il est tellement indispensable que même les constructions les plus modernes aujourd?hui l?utilisent toujours, presque intégralement. Seuls montent sur les planches des échafaudages les bâtisseurs. C?est le théâtre de réflexion où il faut savoir comment poser les pierres ensemble et d?aplomb. Le rôle de l?échafaudage était provisoire, il laisse tout de même quelques traces en creux sur les murs et quelques inaccessibles mystères de la construction. 606 $aHistory & Archaeology 606 $aMoyen Âge 606 $aconstruction 606 $achantier 606 $abois 606 $aéchafaudage 606 $aarchéologie du bâti 606 $aarchives 606 $aiconographie 606 $aarchéologie 610 $aiconographie 610 $aMoyen Âge 610 $achantier 610 $aarchives 610 $aconstruction 610 $atechnique 610 $abois 610 $aarchéologie 610 $aarchéologie du bâti 610 $aéchafaudage 615 4$aHistory & Archaeology 615 4$aMoyen Âge 615 4$aconstruction 615 4$achantier 615 4$abois 615 4$aéchafaudage 615 4$aarchéologie du bâti 615 4$aarchives 615 4$aiconographie 615 4$aarchéologie 700 $aBaud$b Anne$0779665 701 $aBernardi$b Philippe$01022083 701 $aHartmann-Virnich$b Andréas$01249476 701 $aHusson$b Éric$01325622 701 $aLe Barrier$b Christian$01325623 701 $aParron-Kontis$b Isabelle$01293768 701 $aReveyron$b Nicolas$01227708 701 $aTardieu$b Joëlle$01282838 701 $aCharpentier$b Jean-Louis$01325624 701 $aReveyron$b Nicolas$01227708 701 $aTardieu$b Joëlle$01282838 801 0$bFR-FrMaCLE 906 $aBOOK 912 $a9910136926903321 996 $aL'échafaudage dans le chantier médiéval$93037005 997 $aUNINA LEADER 03205nam 22005653 450 001 9910150582903321 005 20221205084602.0 010 $a9783945732205 010 $a3945732204 035 $a(CKB)3710000000945219 035 $a(MiAaPQ)EBC7134943 035 $a(Au-PeEL)EBL7134943 035 $a(OCoLC)1354205874 035 $a(BIP)119889326 035 $a(BIP)56013278 035 $a(EXLCZ)993710000000945219 100 $a20221205d2016 uy 0 101 0 $ager 135 $aurcnu|||||||| 181 $ctxt$2rdacontent 182 $cc$2rdamedia 183 $acr$2rdacarrier 200 10$aAufgang. Jahrbuch für Denken, Dichten, Kunst $eFacetten des Wachstums 205 $a1st ed. 210 1$aAhrensburg :$cAufgang-Verlag,$d2016. 210 4$d©2016. 215 $a1 online resource (192 pages) 311 08$a9783945732182 311 08$a3945732182 327 $aIntro -- Impressum -- Inhalt -- Vorwort -- Eröffnung -- Klaus Haack: Die Treppe des Lebens -- Ingrid Lanzl: Berufliches Wachstum Ein Gespräch -- I. Hauptthema: Facetten des Wachstums -- Rüdiger Haas: ALDI und das Phänomen des Unpersönlichen -- Dieter Witt: Die ethische Grundlage ökonomischen Wachstums Ein Gespräch -- Silja Graupe: Wirtschaftswachstum und Bildungswiderstand -- Christoph Lütge: Wachstum und Wettbewerb -- Thomas Rusche: Wachsendes Wir-Gefühl anstatt Wettbewerbsideologie -- Barbara Bräutigam: ?? und meine Seele spannte weit ihre Flügel aus ?" -- II. Zum Dialog der Religionen -- Abdel-Hakim Ourghi: Ein postmodern-humanistischer Islam Die Autonomie des Korantextes und die Freiheit des Lesers -- Heinrich Beck: Zur Idee eines kreativen Dialogs von Christentum und Islam -- III. Zeitgeschehen -- Michael Hüther: Deutsch für alle -- Christian Dries: Wachstum der Angst Eine Innenansicht aus dem wissenschaftlichen Hamsterrad -- Anna Grear: Growing Justice -- Buchbesprechungen -- Autorenverzeichnis. 330 $aBei der Frage nach dem Wesen des Wachstums werden verschiedene Aspekte beleuchtet. Der Mensch ist nicht nur ein o?konomisches Wesen, sondern wa?chst in seinen verschiedenen Lebensphasen auch auf religio?sem, spirituellem, ethischem, psychologischem oder o?kologischem Gebiet. Wachstum hat dabei verschiedene Richtungen, da es nicht linear, sondern zyklisch angelegt ist. Die einzelnen Beitra?ge versuchen, die verschiedenen Wachstumsprozesse so zu erhellen, dass fu?r den Menschen eine sinnvolle Zukunft in einer gerechteren und friedlicheren Welt entstehen kann. 606 $aART / General$2bisacsh 606 $aPOETRY / General$2bisacsh 615 7$aART / General 615 7$aPOETRY / General 700 $aBeck$b Heinrich$0165309 701 $aBräutigam$b Barbara$01265052 701 $aDries$b Christian$0800207 701 $aGraupe$b Silja$01163159 701 $aGrear$b Anna$0784552 701 $aHaack$b Klaus$01265053 701 $aHaas$b Rüdiger$01265054 701 $aMurillo$b José Sánchez de$01265055 801 0$bMiAaPQ 801 1$bMiAaPQ 801 2$bMiAaPQ 906 $aBOOK 912 $a9910150582903321 996 $aAufgang. Jahrbuch für Denken, Dichten, Kunst$92966355 997 $aUNINA